Abreviations - Statistics

General Stats
  • This quiz has been taken 488 times
  • The average score is 10 of 15
Answer Stats
Hint Answer % Correct
Bday Birthday
98%
Idk I don't know
97%
Btw By the way
95%
Brb Be right back
93%
Fyi For your info
83%
Jk Just kidding
82%
Gtg Got to go
81%
Np No problem
81%
Gg Good game
66%
Ttyl Talk to you later
61%
Sys See you soon
54%
Tmi Too much info
48%
Lyb Love you bye
17%
Mya Miss you already
7%
Bd Big deal
5%
No matching quizzes found
Score Distribution
Percent of People with Each Score
Percentile by Number Answered
Your Score History
You have not taken this quiz